000 00406pab a2200157 454500
008 180718b1996 xxu||||| |||| 00| 0 eng d
100 _aFrosch, Robert A.
245 _aToward the end of waste: reflections on a new ecology of industry
260 _c1996
300 _ap.199-212
362 _aSummer
650 _aIndustries
650 _aIndustrial development
773 _aDaedalus
909 _a32656
999 _c32656
_d32656